[Event "Padova op-A 1st"]
[Site "Padova"]
[Date "1998.12.12"]
[Round "1.24"]
[White "Piccoli, Giorgio"]
[Black "Quaranta, Cristiano"]
[Result "0-1"]
[WhiteElo "1627"]
[BlackElo "1491"]
[PlyCount "107"]
[EventDate "1998.12.12"]
[EventType "swiss"]
[EventRounds "6"]
[EventCountry "ITA"]
[SourceTitle "EXT 2023"]
[Source "ChessBase"]
[SourceDate "2022.10.05"]
[SourceVersion "1"]
[SourceVersionDate "2022.10.05"]
[SourceQuality "1"]

1. e4 c5 2. Nf3 e6 3. d4 cxd4 4. Nxd4 a6 5. Be2 Qc7 6. c4 Nf6 7. Nc3 Bb4 8. Qd3 Nc6 9. Nxc6 bxc6 10. 0-0 0-0 11. Bg5 Be7 12. f4 Bc5+ 13. Kh1 Ne8 14. Na4 Qa5 15. Nxc5 Qxc5 16. a3 f6 17. b4 Qd6 18. Bh4 Qxd3 19. Bxd3 Nc7 20. e5 f5 21. Be7 Rf7 22. Bd6 Ne8 23. a4 Nxd6 24. exd6 Rb8 25. b5 axb5 26. cxb5 cxb5 27. Bxb5 Rb6 28. Rfd1 Ba6 29. Bxa6 Rxa6 30. Kg1 Rf8 31. g3 Rfa8 32. Rac1 Rxa4 33. Rc7 R4a7 34. Rdc1 Rxc7 35. Rxc7 Rd8 36. Kf2 Kf7 37. Ke3 Ke8 38. Kd4 Ra8 39. Kc5 Kd8 40. Rb7 Rc8+ 41. Kd4 Rc6 42. Rb8+ Rc8 43. Rb7 Ke8 44. h3 Rc6 45. Rb8+ Kf7 46. Rd8 Rxd6+ 47. Kc5 Ke7 48. Rg8 Rd5+ 49. Kc4 Kf7 50. Rd8 Rd1 51. g4 fxg4 52. hxg4 Kg6 53. Rb8 Rf1 54. Kd3 0-1